Logo BPK

Biblioteka

Politechniki Koszalińskiej

Kompendium wiedzy o Unii Europejskiej : (Rekord nr 39488)

Szczegóły MARC
000 -ETYKIETA REKORDU
podpole kontrolne o stałej długości 00732nam a2200229 i 4500
001 - NUMER KONTROLNY REKORDU
pole kontrolne bg
020 ## - MIĘDZYNARODOWY ZNORMALIZOWANY NUMER KSIĄŻKI - ISBN
ISBN 8387673536
040 ## - ŹRÓDŁO KATALOGOWANIA
Instytucja, która utworzyła rekord BPK
041 0# - KOD JĘZYKA
Kod języka tekstu pl
080 ## - UNIWERSALNA KLASYFIKACJA DZIESIĘTNA - UKD
UKD 339.923:061.1A/Z](4-67)
920 ## - Międzynarodowy znormalizowany numer książki – ISBN
ISBN 83-87673-53-6
008 - POLE O STAŁEJ DŁUGOŚCI - DANE KONTROLNE
podpole kontrolne o stałej długości s pl f |000 0 pol
100 1# - NAZWA OSOBOWA
Nazwa osobowa GALSTER, Jan
Daty związane z nazwą (1954- )
245 10 - TYTUŁ/ODPOWIEDZIALNOŚĆ
Tytuł Kompendium wiedzy o Unii Europejskiej :
Ciąg dalszy tytułu z uwzględnieniem Traktatu Amsterdamskiego /
Pozostałe elementy strefy tytułu i oznaczenia odpowiedzialności Jan Galster, Zbigniew Witkowski.
250 ## - STREFA WYDANIA
Oznaczenie wydania Wyd. 3 popr. i uzup.
260 ## - STREFA ADRESU WYDAWNICZEGO
Miejsce wydania Toruń :
Nazwa wydawcy/dystrybutora Towarzystwo Naukowe Organizacji i Kierownictwa "Dom Organizatora",
Data publikacji, dystrybucji/powstania dokumentu 1999.
300 ## - STREFA OPISU FIZYCZNEGO
Objętość 194, [7] s. ;
Rozmiary 21 cm.
504 ## - UWAGA DOTYCZĄCA BIBLIOGRAFII
Informacje o bibliografii Bibliogr. s. [211].
610 29 - HASŁO PRZEDMIOTOWE W FORMIE NAZWY CIAŁA ZBIOROWEGO
Nazwa ciała zbiorowego lub nazwa geograficzna Unia Europejska
700 1# - HASŁO DODATKOWE - NAZWA OSOBOWA
Nazwa osobowa WITKOWSKI, Zbigniew
856 ## - LOKALIZACJA I DOSTĘP DO ELEKTRONICZNYCH DOKUMENTÓW ZDALNYCH
Link (URL) http://koha.tu.koszalin.pl/cgi-bin/koha/opac-detail.pl?biblionumber=39488
Tekst linku Katalog online BPK
942 ## - DODATKOWE ELEMENTY (KOHA)
Typ dokumentu Książka
Egzemplarze
Wycofany Status egzemplarza Uszkodzony Dostępność Lokalizacja stała Lokalizacja bieżąca Miejsce przechowywania Sygnatura Kod kreskowy Typ dokumentu
      Dostępny Biblioteka Politechniki Koszalińskiej Biblioteka Politechniki Koszalińskiej Wypożyczalnia BG 58915 01554526 Książka
© 2023 Biblioteka Politechniki Koszalińskiej :: KOHA